| 000 | 00537nam a2200193 a 4500 | ||
|---|---|---|---|
| 005 | 20210219152953.0 | ||
| 008 | 991125n 000 0 u | ||
| 035 | _aUPN01000069851 | ||
| 100 | _aTanney, Faith | ||
| 222 | _aCOUNSELING PSYCHOLOGIST | ||
| 245 | _aCounseling psychology and health psychology : some suggestions for a burgeoning area | ||
| 300 | _a392-395 | ||
| 362 | _a19, No. 3, 1991 | ||
| 505 | _aMayo 1992 | ||
| 653 | 0 | _aPROFESIONALES DE LA SALUD | |
| 653 | 0 | _aSALUD | |
| 904 |
_aAC _b007662 |
||
| 905 | _aArticulo | ||
| 999 |
_c65131 _d65131 |
||